000 00359 a2200157 4500
001 153275
040 _cEscola São Tomás de Aquino
100 _aVAZ, Fernando
240 1 0 _aMohamed um menino afegão.
_lpor
245 1 0 _aMohamed um menino afegão.
300 _a112
362 0 _a2002
440 1 _aFTD
697 _a*LITERATURA JUVENIL
942 _cBK
999 _c153275
_d153275